[Event "New York CITS"]
[Site "New York"]
[Date "1996.??.??"]
[Round "4"]
[White "Sunye Neto, Jaime"]
[Black "Ashley, Maurice"]
[Result "1-0"]
[WhiteElo "2505"]
[BlackElo "2460"]
[Annotator "Ribli,Z"]
[PlyCount "43"]
[EventDate "1996.03.??"]
[EventType "tourn"]
[EventRounds "11"]
[EventCountry "USA"]
[EventCategory "13"]
[SourceTitle "CBM 052"]
[Source "ChessBase"]
[SourceDate "1996.06.01"]
[SourceVersion "1"]
[SourceVersionDate "1996.06.01"]
[SourceQuality "1"]

1. c4 Nf6 2. Nc3 e6 3. e4 d5 4. e5 d4 5. exf6 dxc3 6. bxc3 Qxf6 7. Nf3 $5 {
Weiss wдhlt eine seltene, aber giftige Fortsetzung.} (7. d4) 7... e5 (7... b6
8. d4 Bb7 9. Bd3 h6 (9... Nd7 $4 10. Bg5 Bxf3 11. Qd2 $18) 10. O-O $6 (10. Qe2
$1 Nd7 11. Be4 $14) 10... Nd7 11. Qe2 Bd6 12. Be4 Bxe4 13. Qxe4 O-O 14. a4 e5
$10 {Huebner,R-Sosonko,G/Polanica Zdroj/1995/CBM49/}) 8. Bd3 Bd6 9. O-O O-O 10.
Re1 Nc6 11. Qc2 h6 12. Be4 Bd7 13. Bb2 $1 $146 {Der brasilianische
Grossmeister verbessert deutlich seine alte Partie.} (13. Rb1 $6 {Dieser Zug
hat keinen Sinn und er fьhrt nur zu Tempoverlust.} b6 14. d4 Rae8 15. c5 bxc5
16. d5 Ne7 17. Rb7 a5 18. Nd2 Qh4 19. Nc4 Bc8 20. g3 Qg4 21. Ne3 Qh5 22. Ra7 f5
23. Bh1 e4 $15 {Sunye Neto,J-Juarez Flores,C/Manila izt/1990/}) 13... Rae8 14.
d4 {/\ c5} b6 15. Re3 Na5 $6 {Zu optimistisch. Der schwarzer Springer sollte
weiterhin den e5-Bauern verteidigen.} (15... Re7 16. Rae1 Rfe8 $14) 16. c5 $1 {
[#]} bxc5 $2 (16... exd4 17. Bh7+ (17. cxd4 Bf4 18. d5 Qd8 19. c6 $16) 17...
Kh8 18. Rxe8 Rxe8 19. cxd6 g6 20. cxd4 Kxh7 21. dxc7 $16) 17. dxe5 Rxe5 (17...
Bxe5 18. Nxe5 Rxe5 19. c4 $18) 18. c4 $1 Rfe8 19. Nxe5 Bxe5 20. Bxe5 Rxe5 21.
Rae1 {/\ Bh7} Re6 22. Qd2 1-0

[Event "New York CITS"]
[Site "New York"]
[Date "1996.??.??"]
[Round "5"]
[White "Ashley, Maurice"]
[Black "Benjamin, Joel"]
[Result "0-1"]
[WhiteElo "2460"]
[BlackElo "2570"]
[Annotator "Ribli,Z"]
[PlyCount "64"]
[EventDate "1996.03.??"]
[EventType "tourn"]
[EventRounds "11"]
[EventCountry "USA"]
[EventCategory "13"]
[SourceTitle "CBM 052"]
[Source "ChessBase"]
[SourceDate "1996.06.01"]
[SourceVersion "1"]
[SourceVersionDate "1996.06.01"]
[SourceQuality "1"]

1. e4 {Ftacnik} c5 2. Nf3 e6 3. d4 cxd4 4. Nxd4 Nc6 5. Nc3 Qc7 6. Be2 a6 7. O-O
Nf6 8. Be3 Bb4 9. Na4 Be7 $5 10. Nxc6 (10. c4 $5) 10... bxc6 11. Nb6 Rb8 12.
Nxc8 Qxc8 13. e5 Nd5 14. Bc1 Bc5 15. Bd3 $6 (15. c4 $5 Ne7 16. b3 Qc7 17. Bb2
Ng6 $13 {Kamsky,G-Illescas Cordoba,M/Madrid/1994/CBM42/INF60,194/}) (15. Qd3
Qc7 16. Qe4 (16. Qc4 Ba7 17. Qe4 O-O 18. Bxa6 f5 19. exf6 Rb4 20. Qe2 Nxf6 $44
{Kaminski,M-Miladinovic,I/Moscow olm/1994/}) 16... a5 17. c4 Ne7 18. Kh1 O-O
19. Bd3 Ng6 20. f4 d6 $10 {Beliavsky,A-Andersson,U/Wijk/1984/INF37,201/}) (15.
Qd3 {Ftacnik}) 15... Qc7 (15... O-O {Ftacnik} 16. c4 Ne7 17. b3 (17. Qc2 Ng6
18. b3 Bd4 19. Bb2 Bxb2 20. Qxb2 c5 21. f4 Qc7 22. Rad1 f6 23. Bxg6 hxg6 24.
Rd6 fxe5 25. fxe5 Rxf1+ 26. Kxf1 Rf8+ 27. Kg1 Rf5 {Heim,B-Seul,G/BL 8788/1988/
0-1 (86)}) 17... Qc7 18. Bb2 Ng6 19. Qh5 Rfd8 20. Rad1 Qa5 21. Bb1 d5 22. cxd5
Rxd5 23. Rc1 Qb6 24. Qe2 Rbd8 25. Bc3 Bd4 {1/2-1/2 Suetin,A-Pytel,M/Biel
Credis (10)/1995/ (29)}) 16. g3 $146 (16. Qe2 Bd4 17. Re1 Bxb2 18. Bxb2 Rxb2
19. Bxa6 O-O 20. Bc4 Rb4 21. g3 f6 $13 {Milos,G-Zapata,A/Bogota/1991/} (21...
Qa7 {Ftacnik} 22. Bb3 f6 23. exf6 Rxf6 24. a4 Rb8 25. Qd2 Ne7 26. Bc4 Rbf8 27.
Re2 Qc5 28. Bb3 Nf5 29. c3 {1-0 Henao,R-Hernandez,Gi/Merida (06)/1993/ (53)}) (
21... f6 22. exf6 Rxf6 23. Bd3 c5 24. a4 Qa7 25. a5 Rd4 26. Rf1 Rb4 27. a6 {
0-1 Milos,G-Zapata,A/Bogota Lat Cup Final (05)/1991/ (42)})) 16... Bd4 $1 (
16... Qxe5 $2 17. c4 $1 $18 {/\ Bf4 >< b8}) 17. c3 (17. c4 {Ftacnik} Nb4 18.
Be4 Bxe5) 17... Bxe5 18. Bxa6 O-O {[#] Schwarz hat seinen a-Bauern fuer den
e5-Bauern getauscht. Die Frage ist die folgende: Marschiert erst der weissen
Freibauern durch oder fuehrt der Nachziehende einen erfolgreichen
Koenigsangriff?} 19. Bd3 f5 20. Re1 $6 {Weiss findet nicht den richtigen Plan.}
(20. a4 $5) 20... Bd6 21. Re2 $6 Kh8 $5 22. Qc2 c5 $1 {/\ c4} 23. b3 (23. c4 {
Ftacnik} Nb4 24. Qc3 Nxd3 25. Qxd3 Be5 $15) 23... Nf6 24. f4 $6 {Weiss hat
Angst vor f5-f4, aber jetzt kommt es noch schlimmer fuer ihn.} (24. Bg5 $5 {
Ftacnik}) 24... c4 $1 {[#] Nun wird die schon etwas bruechige weisse
Koenigstellung erstuermt.} 25. Bxc4 Ng4 $1 26. Rg2 (26. h3 Bc5+ 27. Kf1 Qc6 $19
) 26... Bc5+ 27. Kf1 (27. Kh1 Qc6 28. h3 (28. Bd2 {Ftacnik} Nf2+ 29. Kg1 Ne4+
30. Kf1 (30. Kh1 Nxg3+ 31. hxg3 Rf6 $19) 30... Nxg3+ 31. Rxg3 Qh1+ $19) (28. a4
Nf2+ 29. Kg1 Nd3+ 30. Kh1 Ne1) 28... Rf6 $19 (28... Nf2+ {Ftacnik} 29. Kh2 Nxh3
$17)) 27... Qc6 28. Be2 (28. Qe2 {Ftacnik} e5 29. h3 (29. fxe5 Nxe5 30. Bd3 Nf3
$40) 29... Rbe8 (29... Qh6 $5 30. h4 e4 31. a4 $14) (29... exf4 30. Bxf4 Rbe8
31. Qd1 Re1+ 32. Kxe1 Qxg2 33. Qe2 $14) 30. hxg4 (30. Bb5 Qh6 $40) 30... exf4
31. Bb5 Qh6 32. Rh2 Rxe2 33. Rxh6 Rf2+ 34. Ke1 Re8+ 35. Kd1 gxh6 $17) 28... e5
$1 29. h3 (29. fxe5 f4 30. gxf4) 29... Nf2 $1 30. h4 (30. fxe5 Rbe8 (30... Nxh3
31. Rh2 Ng1 32. Qd3 Rbe8 33. Bf4 d6 34. Bh5 $16) 31. Bf4 Nxh3 32. Rh2 Nxf4 33.
gxf4 Qg6 34. Rh1 Qg3 $17) 30... Rbe8 31. fxe5 f4 $1 32. gxf4 (32. Bxf4 Nh3 33.
Qd2 Rxe5 $19) 32... Nh3 $1 $19 {[#] /\ N><f4 Eine ungewцhnliche
Schlussposition: Trotz der drei Mehrbauern wird innerhalb weniger Zьge die
weisse Stellung wie ein Kartenhaus zusammenbrechen. Ashley hat keine Lust zu
einem Maus gegen Katze Spiel und gibt auf.} 0-1

[Event "New York CITS"]
[Site "New York"]
[Date "1996.??.??"]
[Round "7"]
[White "Ashley, Maurice"]
[Black "Adams, Michael"]
[Result "1/2-1/2"]
[WhiteElo "2460"]
[BlackElo "2660"]
[PlyCount "118"]
[EventDate "1996.03.??"]
[EventType "tourn"]
[EventRounds "11"]
[EventCountry "USA"]
[EventCategory "13"]
[SourceTitle "CBM 052"]
[Source "ChessBase"]
[SourceDate "1996.06.01"]
[SourceVersion "1"]
[SourceVersionDate "1996.06.01"]
[SourceQuality "1"]

1. d4 Nf6 2. c4 e6 3. Nc3 Bb4 4. e3 b6 5. Nge2 Ne4 6. f3 Nxc3 7. bxc3 Be7 8.
Ng3 h5 9. Bd3 h4 10. Ne4 Nc6 11. O-O Ba6 12. f4 Na5 13. f5 exf5 14. Rxf5 g6 15.
Rf2 O-O 16. Nd2 d5 17. Qe2 Nxc4 18. Nxc4 Bxc4 19. Bxc4 dxc4 20. Qxc4 c5 21. e4
cxd4 22. cxd4 Bg5 23. Qd3 Rc8 24. Ba3 Be7 25. Bb2 Bf6 26. Raf1 Bg7 27. Kh1 Rc7
28. Rf4 Qc8 29. e5 Rc2 30. R4f2 Rxf2 31. Rxf2 Rd8 32. Qb3 Qe6 33. h3 Qxb3 34.
axb3 Bh6 35. Rf3 Bg5 36. Kg1 Kf8 37. Kf2 Ke7 38. Ke2 f5 39. exf6+ Bxf6 40. Kd3
Bg7 41. Ke4 Bf6 42. Ba3+ Kf7 43. d5 Re8+ 44. Kd3 Re5 45. Kc4 a6 46. Bb2 Rf5 47.
Rxf5 gxf5 48. Bc1 Ke8 49. Be3 Bd8 50. d6 Kd7 51. Kd5 a5 52. Bd2 b5 53. Kc5 a4
54. bxa4 bxa4 55. Kb4 Kxd6 56. Kxa4 Kd5 57. Kb3 Ke4 58. Kc2 f4 59. Bc1 f3
1/2-1/2

[Event "New York CITS"]
[Site "New York"]
[Date "1996.??.??"]
[Round "8"]
[White "Sokolov, Ivan"]
[Black "Ashley, Maurice"]
[Result "1-0"]
[WhiteElo "2665"]
[BlackElo "2460"]
[PlyCount "71"]
[EventDate "1996.03.??"]
[EventType "tourn"]
[EventRounds "11"]
[EventCountry "USA"]
[EventCategory "13"]
[SourceTitle "CBM 052"]
[Source "ChessBase"]
[SourceDate "1996.06.01"]
[SourceVersion "1"]
[SourceVersionDate "1996.06.01"]
[SourceQuality "1"]

1. d4 Nf6 2. c4 e6 3. Nc3 Bb4 4. e3 c5 5. Nge2 cxd4 6. exd4 d5 7. c5 Ne4 8. Bd2
Nxd2 9. Qxd2 Nc6 10. a3 Bxc3 11. Nxc3 O-O 12. f4 b6 13. b4 e5 14. dxe5 bxc5 15.
bxc5 Qa5 16. Nb5 Qa4 17. Be2 Ba6 18. Nc3 Qa5 19. Nxd5 Qxd2+ 20. Kxd2 Rad8 21.
Bxa6 Rxd5+ 22. Ke3 Rxc5 23. Rhc1 Rxc1 24. Rxc1 Ne7 25. Rc5 Rb8 26. Bc4 Rb7 27.
g4 g6 28. a4 Kg7 29. a5 h6 30. a6 Rd7 31. h3 Kf8 32. Ke4 Rd1 33. f5 gxf5+ 34.
gxf5 h5 35. f6 Re1+ 36. Kf3 1-0

[Event "New York CITS"]
[Site "New York"]
[Date "1996.??.??"]
[Round "10"]
[White "Wolff, Patrick G"]
[Black "Ashley, Maurice"]
[Result "1/2-1/2"]
[WhiteElo "2565"]
[BlackElo "2460"]
[Annotator "Stohl,I"]
[PlyCount "66"]
[EventDate "1996.03.??"]
[EventType "tourn"]
[EventRounds "11"]
[EventCountry "USA"]
[EventCategory "13"]
[SourceTitle "CBM 052"]
[Source "ChessBase"]
[SourceDate "1996.06.01"]
[SourceVersion "1"]
[SourceVersionDate "1996.06.01"]
[SourceQuality "1"]

1. e4 {Schlosser,P King} d6 2. d4 g6 3. Nf3 Bg7 4. Be2 Nc6 (4... Nf6 5. Nc3 O-O
{-B08}) (4... c5 5. dxc5 Qa5+ 6. Bd2 Qxc5 7. Nc3 Nf6 8. O-O O-O 9. Re1 Nc6 10.
Na4 Qh5 11. Ng5 Bg4 $10 {Kimende,R-Gallego,R/Moscow olm/1994/}) (4... a6 5. O-O
Nf6 6. Nc3 b5 7. e5 Nfd7 8. exd6 cxd6 9. a4 b4 10. Nd5 Nc6 11. Bg5 Rb8 12. Re1
h6 $13 13. Bxe7 $2 Nxe7 14. Bc4 Bf6 15. Qe2 Kf8 16. Nf4 Kg7 17. Bxf7 Kxf7 18.
Qe6+ Kg7 19. Qxd6 Kh7 $19 {Haimovich,T-Varga,Zo/Ramat-Hasharon/1992/}) 5. O-O (
5. d5 $5 Nb8 6. c4 Nd7 7. O-O Nc5 8. Nfd2 Nf6 9. Nc3 O-O 10. f3 c6 11. Nb3 Nxb3
12. Qxb3 Nd7 13. Be3 c5 14. Qd1 a6 15. Qd2 Qa5 16. Bh6 Rb8 17. Bxg7 Kxg7 {
Anguix Garrido,J-Brito,A/Las Palmas-B/1993/} 18. a4 $36 {[%csl Rf6,Rg7,Rh6]
->׻}) 5... Bg4 6. c3 (6. d5 Nb8 (6... Ne5 7. Nxe5 Bxe2 8. Qxe2 Bxe5 9. Qb5+
$16) (6... Bxf3 7. Bxf3 Ne5 (7... Nd4 $2 8. Bg4 {/\ a4, c3 x Nd4 +-}) 8. Be2
$16) 7. Nc3 (7. c4 $16 {Schlosser,P}) 7... Nf6 8. Be3 O-O 9. Qd2 Re8 10. h3 Bc8
11. Rfe1 c6 12. Nd4 e5 13. dxe6 fxe6 14. Bh6 Bxh6 15. Qxh6 Nbd7 16. Nf3 b5 17.
e5 Nxe5 18. Nxe5 dxe5 19. Bf3 Nd5 20. Rxe5 Qf6 21. Rae1 Bd7 22. h4 $14 {
Nadyrhanov,S-Kochetkov,G/Alushta1/1994/}) 6... e5 $5 7. Qb3 $6 $146 (7. Be3 Nf6
(7... exd4 $5 8. cxd4 Nge7 9. Nc3 d5 10. e5 f6 $132) 8. d5 Ne7 9. Nfd2 Bd7 10.
c4 O-O 11. Nc3 Ne8 12. c5 f5 13. cxd6 cxd6 14. f3 f4 15. Bf2 g5 16. a4 h5 17.
Nc4 Rf6 18. Qb3 Bc8 19. Nxe5 Rh6 20. Nc4 Ng6 21. Nb5 a6 22. Nd4 Bxd4 23. Bxd4
g4 24. Nb6 $18 {Almeyda,J-Benнtez,L/Mendoza u-26 tt/1985/}) (7. d5 Nce7 8. c4
Bd7 $5 {[%cal Yf7f5] /\f5<=>}) (7. Be3 {Schlosser,P}) 7... Bxf3 8. Bxf3 exd4 $1
9. Qxb7 Nge7 10. e5 O-O $1 11. Bxc6 (11. exd6 Qxd6 $32 $15) (11. cxd4 $6 Rb8 {
[%cal Rc6d4] /\Nd4|^}) (11. Bg5 Rb8 12. Qxc6 (12. Bxe7 Nxe7 13. Qxa7 dxe5 $36)
12... Nxc6 13. Bxd8 Nxd8 14. cxd4 dxe5 $15) 11... Rb8 12. Qa6 Rb6 13. Qa4 $6 {
ףa4 White's strongest piece will be misplaced here.} (13. Qe2 $5 Nxc6 14. exd6
Qxd6 15. Rd1 Qf6 16. Nd2 $132) 13... Nxc6 14. cxd4 Qh4 $36 15. Nc3 Nxd4 16.
exd6 {King: Black could simply play 16...Rxd6 here, and it is hard to believe
that he stands worse with such active pieces, even if White captured on a7.
But Ashley's attention must have been drawn to the tempting 16...Ne2+ 17 Kh1
Rb4, hoping for 18 Qxa7? Qxh2+ 19 Kxh2 Rh4 mate. Unfortunately White more than
saves the day with 18 Qd7, preventing the sacrifice, and leaving Black in
trouble. Nevertheless, this motif must have sparked off a new line of thought,
and after forty minutes Black played} g5 $1 {King: After this, Black's
position just clicks. The main point of the move is seen in the following
variation: 17 dxc7 Ne2+ 18 Kh1 Qxh2+ 19 Kxh2 Rh6+. A pleasing echo of the
variation above. The advance of the g-pawn allows the rook to swing over to h6,
and at the same time blocks the path of the bishop from c1; moreover, it can
be used to force open lines if White plays h3.  Incidentally, I showed this
position to Bob Wade (without revealing 16...g5) and he came up with another
idea: 16...Rb5!?, threatening Ne2+ and Qxh2+; the same mating pattern again,
but with the rook on h5 this time! However, 17 h3 is problematic for Black.} (
16... Rxd6 17. Be3 Ne2+ 18. Kh1 Qxa4 19. Nxa4 Ra6 20. Nc5 $10) 17. Re1 (17.
dxc7 $4 Ne2+ 18. Kh1 Qxh2+ $1 19. Kxh2 Rh6+ $19 (19... Rh6+ {King} 20. Qh4
Rxh4#)) (17. Be3 Rxb2 {[%cal Rd4e2] /\Ne2-+}) 17... Rxd6 18. Be3 Be5 {King:
The most effective move, though} (18... Rh6 $5 {King: is also quite good.} 19.
Bxd4 (19. h3 Nf3+ 20. gxf3 Qxh3) 19... Bxd4) 19. f4 (19. Bxd4 Qxh2+ 20. Kf1
Bxd4 $19) (19. h3 g4 $1 $40 (19... Nf3+ $2 20. gxf3 Qxh3 21. Qg4 $16) (19... g4
{King} 20. Rad1 gxh3)) 19... gxf4 {King: The advance of the g-pawn proves its
worth ...} 20. Bf2 Nf3+ $1 21. gxf3 Rg6+ $2 $138 {King: Sadly, this move
throws away the win. I imagine time pressure must have been the cause, for the
winning move is not difficult.} (21... Qh3 $1 {King: and the rook swings to g6
with decisive effect.} 22. Qe4 (22. Rxe5 Rg6+ 23. Bg3 fxg3 24. hxg3 Qxg3+ 25.
Kf1 Qxf3+ 26. Ke1 Qg3+ $19) 22... Bxc3 (22... Rg6+ $2 23. Qxg6+ {[%cal Re1e5] /
\Re5}) 23. Qxf4 Bxe1 24. Rxe1 Rfd8 $19) 22. Kf1 Qh3+ 23. Ke2 Bxc3 (23... Re6 $2
24. Ne4 $18) 24. bxc3 Re6+ 25. Kd2 Rd8+ 26. Kc2 {White's K has with Black's
help succesfully escaped to safety. Luckily Black still has a perpetual check.}
(26. Bd4 $6 c5 $17) 26... Qxf3 (26... Qxh2 $2 27. Qxa7) 27. Bd4 (27. Qxa7 Qd3+
28. Kb3 Qb5+ $10) 27... Qg2+ 28. Kb3 Rb8+ 29. Kc4 Rc6+ 30. Kd3 (30. Bc5 $6 Kh8
31. Qxa7 Rd8 {[%cal Rg2d5] /\Qd5 is risky for White.}) 30... Qf3+ $10 31. Kc2
Qg2+ 32. Kd1 Qf3+ 33. Kd2 Qg2+ (33... Qg2+ 34. Kd3 (34. Re2 $4 Rb2+) 34... Qf3+
$10) 1/2-1/2

[Event "New York op"]
[Site "New York"]
[Date "1996.??.??"]
[Round "?"]
[White "Loeffler, Stefan"]
[Black "Ashley, Maurice"]
[Result "1-0"]
[WhiteElo "2415"]
[BlackElo "2460"]
[PlyCount "67"]
[EventDate "1996.05.??"]
[EventType "swiss"]
[EventRounds "9"]
[EventCountry "USA"]
[SourceTitle "EXT 2010"]
[Source "ChessBase"]
[SourceDate "2010.11.25"]
[SourceVersion "1"]
[SourceVersionDate "2010.11.25"]
[SourceQuality "1"]

1. Nf3 c5 2. g3 b6 3. Bg2 Bb7 4. O-O Nf6 5. c4 e6 6. Nc3 Be7 7. d4 cxd4 8. Qxd4
d6 9. Bg5 a6 10. Bxf6 Bxf6 11. Qd3 Qc7 12. Rad1 Be7 13. Ne4 Bxe4 14. Qxe4 Ra7
15. h4 h6 16. a3 O-O 17. g4 Rc8 18. g5 Qxc4 19. Qe3 Qg4 20. Rd4 Qh5 21. Bh3 Qg6
22. h5 Qxh5 23. Bxe6 Rd8 24. Bg4 Qg6 25. Rd5 Nc6 26. Rc1 Ne5 27. Nxe5 dxe5 28.
Rxd8+ Bxd8 29. Rc8 Qd6 30. Qd3 Qxd3 31. exd3 hxg5 32. Rxd8+ Kh7 33. Rd6 b5 34.
Rd7 1-0

[Event "MCC-ch"]
[Site "New York"]
[Date "1997.??.??"]
[Round "2"]
[White "Ashley, Maurice"]
[Black "Terzic, Ilijas"]
[Result "1-0"]
[WhiteElo "2465"]
[BlackElo "2320"]
[PlyCount "145"]
[EventDate "1997.??.??"]
[EventType "swiss"]
[EventRounds "5"]
[EventCountry "USA"]
[SourceTitle "EXT 1999"]
[Source "ChessBase"]
[SourceDate "1998.11.16"]
[SourceVersion "1"]
[SourceVersionDate "1998.11.16"]
[SourceQuality "1"]

1. e4 e6 2. d4 d5 3. exd5 exd5 4. Bd3 Nc6 5. c3 Bd6 6. Nf3 Nge7 7. Bg5 f6 8.
Bh4 Bf5 9. Qc2 Qd7 10. Nbd2 Qe6+ 11. Kf1 Bxd3+ 12. Qxd3 O-O-O 13. Re1 Qd7 14.
Bg3 Nf5 15. Qb5 Qf7 16. Ke2 h5 17. Kd1 h4 18. Bxd6 Nxd6 19. Qd3 h3 20. g3 g5
21. Re2 Ne7 22. Rhe1 Ng6 23. Nb3 Rhe8 24. Nfd2 Kb8 25. Qf3 Rxe2 26. Qxe2 b6 27.
Nc1 Re8 28. Qg4 Rxe1+ 29. Kxe1 Qe8+ 30. Kd1 Qc8 31. Qxc8+ Kxc8 32. f3 Kd7 33.
Nd3 Ke6 34. Nf2 c5 35. dxc5 bxc5 36. Nxh3 Ne5 37. Nf2 c4 38. Ke2 f5 39. Ke3 f4+
40. gxf4 Nf5+ 41. Ke2 gxf4 42. b3 Ne3 43. h3 Kf5 44. Ng4 cxb3 45. axb3 Nc2 46.
Nxe5 Kxe5 47. h4 Ne3 48. Kd3 Nf5 49. h5 Kf6 50. c4 dxc4+ 51. bxc4 Kg5 52. Ke4
a5 53. c5 a4 54. Nc4 Ng7 55. Ke5 Ne8 56. c6 Kxh5 57. Kxf4 Kg6 58. Ke5 Kf7 59.
Kd5 Kf6 60. f4 Kf5 61. Nd6+ Kxf4 62. Nxe8 a3 63. c7 a2 64. c8=Q a1=Q 65. Qc4+
Kg3 66. Nd6 Qd1+ 67. Ke6 Qg4+ 68. Nf5+ Kh3 69. Qd3+ Kh2 70. Ke5 Qg5 71. Qf3 Qg2
72. Qe3 Qb2+ 73. Kf4 1-0

[Event "MCC-ch"]
[Site "New York"]
[Date "1997.??.??"]
[Round "5"]
[White "Ashley, Maurice"]
[Black "Lapshun, Yury"]
[Result "1-0"]
[WhiteElo "2465"]
[BlackElo "2320"]
[PlyCount "100"]
[EventDate "1997.??.??"]
[EventType "swiss"]
[EventRounds "5"]
[EventCountry "USA"]
[SourceTitle "EXT 1999"]
[Source "ChessBase"]
[SourceDate "1998.11.16"]
[SourceVersion "1"]
[SourceVersionDate "1998.11.16"]
[SourceQuality "1"]

1. e4 e5 2. Nf3 Nc6 3. d4 exd4 4. Nxd4 Bc5 5. Be3 Qf6 6. c3 Nge7 7. g3 d5 8.
Bg2 Ne5 9. O-O O-O 10. Nd2 Bb6 11. exd5 Rd8 12. Qb3 Qg6 13. Rfe1 Ng4 14. N2f3
Nxe3 15. Rxe3 Nf5 16. Nxf5 Qxf5 17. Re5 Qf6 18. Rae1 Bg4 19. Qa4 h5 20. Qe4 g6
21. Nd4 Bc5 22. Qd3 Kg7 23. Qd2 Bd7 24. R5e4 Re8 25. Nb3 Bd6 26. Rxe8 Rxe8 27.
Rxe8 Bxe8 28. Qe3 Ba4 29. Nc5 Bxc5 30. Qxc5 Qe5 31. Qxa7 Qe1+ 32. Bf1 Bb5 33.
Qd4+ Kg8 34. c4 Bd7 35. Kg2 Bh3+ 36. Kxh3 Qxf1+ 37. Kh4 Qe2 38. Kg5 h4 39. g4
Qe7+ 40. Qf6 Qc5 41. b4 Qf8 42. c5 b6 43. d6 Kh7 44. Kxh4 cxd6 45. cxd6 b5 46.
a4 Qe8 47. Qe7 g5+ 48. Kxg5 Qg8+ 49. Kh4 bxa4 50. d7 Qb8 1-0

[Event "Mermaid Beach Club"]
[Site "Bermuda"]
[Date "1997.??.??"]
[Round "1"]
[White "Hjartarson, Johann"]
[Black "Ashley, Maurice"]
[Result "1-0"]
[WhiteElo "2585"]
[BlackElo "2465"]
[Annotator "Rechlis,G"]
[PlyCount "117"]
[EventDate "1997.01.??"]
[EventType "tourn"]
[EventRounds "11"]
[EventCountry "BER"]
[EventCategory "11"]
[SourceTitle "CBM 058"]
[Source "ChessBase"]
[SourceDate "1997.06.01"]
[SourceVersion "1"]
[SourceVersionDate "1997.06.01"]
[SourceQuality "1"]

1. e4 c5 2. Nf3 d6 3. d4 cxd4 4. Nxd4 Nf6 5. Nc3 Nc6 6. Bg5 e6 7. Qd2 a6 8.
O-O-O h6 9. Be3 Be7 10. f4 Bd7 11. Be2 b5 12. Bf3 Rc8 13. Kb1 Na5 (13... Qc7
14. Nb3 Rb8 15. g4 b4 16. Ne2 g5 17. e5 dxe5 18. fxg5 hxg5 19. Bxg5 e4 20. Bxf6
Bxf6 21. Bxe4 Rb5 22. Ng3 Bg5 23. Qe2 Ne5 $44 {Oll,L-Lerner,K/URS-FL Kujbyshev
1986/<<-<< (97)}) 14. e5 $2 (14. g4 Nc4 15. Qf2 b4 16. Nce2 Qc7 17. g5 hxg5 18.
fxg5 Nh7 19. h4 e5 20. Nf5 g6 21. Nxe7 Kxe7 22. Bc1 Be6 23. Ng3 Qa5 24. b3 Rc5
25. Rhf1 Rhc8 $2 (25... Rf8 $13) 26. Bg4 $1 $18 Na3+ 27. Bxa3 Rxc2 28. Rd2 Rxd2
29. Qxd2 Bxg4 30. Bxb4 Qb6 31. Bxd6+ Qxd6 32. Rxf7+ Ke6 33. Qxd6+ Kxd6 34. Rxh7
Rc3 35. Nf1 Be2 36. Kb2 Rh3 37. Nd2 Kc5 38. Rd7 {1-0 Short,N-Benjamin,J/
Hastings8788 1987}) (14. Qd3 {0-1 Boudre,J-Shirov,A/Val Maubuee (04) ,EXT 89
1989} Qc7 15. Rhe1 b4 16. e5 bxc3 17. exf6 Bxf6 18. b3 d5 19. Bc1 O-O 20. g4
Bb5 21. Nxb5 axb5 22. g5 Nxb3 23. gxf6 Nxc1 24. Qe3 Qa5 25. Qxc1 Ra8 $13 {
Kamsky,G-Atalik,S/Tilburg 1993/1-0 (66)}) (14. Qf2 Nc4 15. g4 g5 16. fxg5 hxg5
17. Bc1 b4 18. Nce2 e5 19. Nf5 Bxf5 20. gxf5 g4 21. Bg2 Qb6 22. Qxb6 Nxb6 23.
c3 a5 24. cxb4 axb4 25. Ng3 $6) 14... dxe5 15. fxe5 Nc4 16. Qe1 Nxe5 17. Bb7 b4
$1 (17... Rb8 $15 {This continuation is well known and good for black .
Therefor it is very interesting why Hjartarson went for it , and Eshley
refrained from it ?} 18. Bxa6 b4 $5) 18. Bxc8 Qxc8 19. Bc1 $1 (19. Nce2 Nc4 20.
Bc1 e5 $17 21. Nb3 Bf5 $2 {This move looks suspicious even without
calculations ! Balck had a good compensation due to his pair of bishops , a
pawn and an active position .}) 19... Neg4 $6 20. Nce2 e5 $142 (20... O-O $14
21. h3 Ne5 $1 $16 {Black probably had missed this move after which white's
advantage is obvious .}) 21. h3 exd4 22. Nxd4 $140 $6 Qb7 23. hxg4 Bxg4 24. Rd3
Ne4 (24... O-O 25. Bxh6 $1 $13 gxh6 26. Rxh6 Qe4 $1) 25. Rf1 $18 O-O 26. Rf4 f5
27. Rxg4 fxg4 28. Re3 Nc3+ 29. bxc3 bxc3+ 30. Nb3 Bf6 31. Qe2 Qc8 (31... h5 32.
Re8 $2) 32. Re6 h5 33. Rxa6 h4 34. Ra5 Re8 35. Qd3 Qc6 36. Rd5 Re1 (36... h3 $1
37. gxh3 gxh3 38. Rh5) 37. Qf5 Qe6 38. Qxe6+ Rxe6 39. a4 Re4 40. a5 Ra4 41. Bg5
Bxg5 42. Rxg5 Kf7 43. a6 g3 44. Na5 Rb4+ 45. Nb3 Ra4 46. Nc5 Ra5 47. Ne4 Rxa6
48. Nxc3 Rb6+ 49. Kc1 Rb4 50. Ne2 Kf6 51. Rh5 g5 52. Kd2 Kf5 53. Rh8 Ra4 54.
Rf8+ Ke5 55. Re8+ Kf5 56. Rf8+ Kg4 57. Rd8 $2 h3 58. Rd3 h2 59. Rxg3+ 1-0